[Event "ROM-ch U12"]
[Site "Baile Felix"]
[Date "2017.02.06"]
[Round "6"]
[White "Baciu, Daniel"]
[Black "Antal, Hunor Zoltan"]
[Result "0-1"]
[WhiteElo "1407"]
[BlackElo "1735"]
[PlyCount "68"]
[EventDate "2017.02.02"]
[EventType "swiss"]
[EventRounds "9"]
[EventCountry "ROU"]
[SourceTitle "CBM 176 Extra"]
[Source "ChessBase"]
[SourceDate "2017.03.02"]
[SourceVersion "1"]
[SourceVersionDate "2017.03.02"]
[SourceQuality "1"]

1. e4 c5 2. d4 cxd4 3. c3 d3 4. Bxd3 Qc7 5. Nf3 d6 6. c4 Nf6 7. h3 e6 8. Nc3 a6 9. Be3 g6 10. 0-0 Bg7 11. Qb3 Nbd7 12. Na4 0-0 13. Rac1 Nc5 14. Nxc5 dxc5 15. Rfd1 b6 16. Qc2 Bb7 17. Rd2 Rfd8 18. Re1 Nd7 19. Bg5 f6 20. Bh4 Ne5 21. Nxe5 Qxe5 22. Bg3 Qg5 23. Bc7 Rd7 24. Bxb6 f5 25. Ba5 Rb8 26. b3 Bd4 27. Rde2 f4 28. Bd2 Rf7 29. Kf1 Qh4 30. Bc3 f3 31. Rd2 Qg5 32. g3 Qh5 33. h4 Qg4 34. Kg1 Qxg3+ 0-1

[Event "ROM-ch U12"]
[Site "Baile Felix"]
[Date "2017.02.05"]
[Round "5"]
[White "Baciu, Daniel"]
[Black "Sida, Flavius Ovidiu"]
[Result "1-0"]
[WhiteElo "1407"]
[BlackElo "1254"]
[PlyCount "57"]
[EventDate "2017.02.02"]
[EventType "swiss"]
[EventRounds "9"]
[EventCountry "ROU"]
[SourceTitle "CBM 176 Extra"]
[Source "ChessBase"]
[SourceDate "2017.03.02"]
[SourceVersion "1"]
[SourceVersionDate "2017.03.02"]
[SourceQuality "1"]

1. e4 c5 2. d4 cxd4 3. c3 g6 4. cxd4 Bg7 5. Nf3 d6 6. Bc4 Nf6 7. Nc3 a6 8. a4 Nbd7 9. 0-0 Qc7 10. Bb3 b6 11. Bf4 Bb7 12. Rc1 Rc8 13. Re1 0-0 14. Nd5 Qxc1 15. Bxc1 Nxd5 16. exd5 Rc7 17. Rxe7 Rfc8 18. Bf4 h5 19. Ng5 Bf6 20. Re1 Bxg5 21. Bxg5 f6 22. Bf4 Rd8 23. Bxd6 Rcc8 24. h3 b5 25. axb5 axb5 26. Qd3 f5 27. Re7 Nb6 28. Bc7 Rd7 29. d6+ 1-0

[Event "ROM-ch U10"]
[Site "Calimanesti"]
[Date "2015.04.05"]
[Round "8"]
[White "Neacsa, Andreas Alexandru"]
[Black "Baciu, Daniel"]
[Result "0-1"]
[WhiteElo "1001"]
[BlackElo "1366"]
[PlyCount "68"]
[EventDate "2015.03.30"]
[EventType "swiss"]
[EventRounds "9"]
[EventCountry "ROU"]
[SourceTitle "CBM 165 Extra"]
[Source "ChessBase"]
[SourceDate "2015.04.21"]
[SourceVersion "1"]
[SourceVersionDate "2015.04.21"]
[SourceQuality "1"]

1. e4 e5 2. Nf3 Nc6 3. Bc4 Nf6 4. Nc3 d6 5. d3 Be6 6. Nd5 Be7 7. Nxe7 Qxe7 8. Bxe6 fxe6 9. Bg5 0-0 10. 0-0 d5 11. exd5 exd5 12. d4 e4 13. Nd2 Nxd4 14. Nb3 Nxb3 15. axb3 Qe5 16. c3 Qxg5 17. Qd4 b6 18. Ra6 c5 19. Qa4 e3 20. Rxa7 Rxa7 21. Qxa7 e2 22. Re1 Qd2 23. Qa1 Ne4 24. Qc1 Qxc1 25. Rxc1 Rxf2 26. Re1 d4 27. cxd4 cxd4 28. Rc1 h6 29. h3 d3 30. Rc8+ Kh7 31. Re8 e1Q+ 32. Kh2 d2 33. h4 d1Q 34. Kh3 Qh1# 0-1

[Event "ROM-ch U10"]
[Site "Calimanesti"]
[Date "2015.04.02"]
[Round "5"]
[White "Baciu, Daniel"]
[Black "Creanga, Robert Ionut"]
[Result "0-1"]
[WhiteElo "1366"]
[BlackElo "1434"]
[PlyCount "92"]
[EventDate "2015.03.30"]
[EventType "swiss"]
[EventRounds "9"]
[EventCountry "ROU"]
[SourceTitle "CBM 165 Extra"]
[Source "ChessBase"]
[SourceDate "2015.04.21"]
[SourceVersion "1"]
[SourceVersionDate "2015.04.21"]
[SourceQuality "1"]

1. d4 d5 2. c4 e6 3. cxd5 exd5 4. Nc3 Nf6 5. Bf4 Bf5 6. e3 Bb4 7. Bd3 Bxd3 8. Qxd3 Nbd7 9. a3 Bxc3+ 10. bxc3 0-0 11. Nf3 Ne4 12. 0-0 c6 13. Rab1 Nb6 14. Ne5 f6 15. Ng4 h5 16. f3 Nxc3 17. Qxc3 hxg4 18. fxg4 Qe7 19. Rfe1 Rfe8 20. Re2 g5 21. Bg3 Qe4 22. Rf1 Qxg4 23. Qd3 Kg7 24. Ref2 Re6 25. Qf5 Qxf5 26. Rxf5 Nc4 27. R5f3 Rae8 28. Bf2 Nxe3 29. Bxe3 Rxe3 30. Rxf6 R8e7 31. R6f5 Kg6 32. Rf6+ Kh5 33. Rf8 Rxa3 34. Rh8+ Kg6 35. Rhf8 Rae3 36. R8f6+ Kh5 37. h3 Re1 38. Kf2 Rxf1+ 39. Kxf1 a5 40. Kg1 g4 41. Rf5+ Kh4 42. Rf4 Re4 43. Rf7 Kg3 44. hxg4 Re1+ 45. Rf1 Rxf1+ 46. Kxf1 Kxg4 0-1